Online
Catalog

La doctrina Trujillo del asilo diplomático humanitario / (Record no. 32382)

MARC details
000 -CABECERA
campo de control de longitud fija 01828nam a2200241 a 4500
001 - NÚMERO DE CONTROL
campo de control 000032891
005 - FECHA Y HORA DE LA ÚLTIMA TRANSACCIÓN
campo de control 20240409073643.0
008 - DATOS DE LONGITUD FIJA--INFORMACIÓN GENERAL
campo de control de longitud fija 110801t1947 dr 001 0 spa d
040 ## - FUENTE DE LA CATALOGACIÓN
Centro catalogador/agencia de origen DO-SdBNP
Lengua de catalogación spa
Centro/agencia transcriptor BNPHU
082 ## - NÚMERO DE LA CLASIFICACIÓN DECIMAL DEWEY
Número de clasificación 341.488
Número de documento/Ítem H474d
049 ## - FONDOS LOCALES (OCLC)
Fondos de biblioteca BNPD
100 1# - ENTRADA PRINCIPAL--NOMBRE DE PERSONA
Nombre de persona Helfant, Henry
9 (RLIN) 53943
245 13 - MENCIÓN DE TÍTULO
Título La doctrina Trujillo del asilo diplomático humanitario /
Mención de responsabilidad, etc. Henry Helfant.
260 ## - PUBLICACIÓN, DISTRIBUCIÓN, ETC.
Lugar de publicación, distribución, etc. México :
Nombre del editor, distribuidor, etc. Offset Continente,
Fecha de publicación, distribución, etc. 1947.
300 ## - DESCRIPCIÓN FÍSICA
Extensión 389 p. ;
Dimensiones 22 cm.
500 ## - NOTA GENERAL
Nota general Incluye bibliografía y notas al pie de páginas.
504 ## - NOTA DE BIBLIOGRAFÍA, ETC.
Nota de bibliografía, etc. Bibligrafía de la guerra civil española y del asilo diplomático (1936-1939) : p.373-389.
505 0# - NOTA DE CONTENIDO CON FORMATO
Título Al que leyere --
-- El asilo Diplomático Humanitario --
-- La tragedia de Madrid --
-- La lucha contra el hambre --
-- Generosidad del pueblo español --
-- Diplomacia y diplomáticos --
-- El derecho de asilo, teoría y práctica --
-- Actividades del cuerpo diplomático extranjero durante la guerra civil española --
-- El Presidente Trujillo enuncia su doctrina del asilo Diplomático Humanitario --
-- Espisodio bochornoso: la Embajada de Alemania --
-- El gobierno abandona Madrid --
-- El incidente "Finlandés" y la posición del Gobierno de Trujillo en el problema de los asilados --
-- Actividades del Secretario General --
-- El derecho de asilo en Madrid --
-- Los anexos a las sedes diplomáticas --
-- Actitud de los asilados --
-- Manifetaciones políticas en el refugio --
-- Anécdotas y abusos --
-- Bibligrafía de la guerra civil española y del asilo diplomático (1936-1939).
650 #4 - PUNTO DE ACCESO ADICIONAL DE MATERIA--TÉRMINO DE MATERIA
Término de materia o nombre geográfico como elemento de entrada Derecho de asilo
Subdivisión geográfica República Dominicana
Subdivisión general Historia
Subdivisión cronológica ERA DE TRUJILLO, 1930-1961
9 (RLIN) 58660
651 #4 - PUNTO DE ACCESO ADICIONAL DE MATERIA--NOMBRE GEOGRÁFICO
Nombre geográfico República Dominicana
Subdivisión general Relaciones Exteriores
9 (RLIN) 2258
651 #4 - PUNTO DE ACCESO ADICIONAL DE MATERIA--NOMBRE GEOGRÁFICO
Nombre geográfico República Dominicana
Subdivisión general Política Y Gobierno
Subdivisión cronológica ERA DE TRUJILLO, 1930-1961
9 (RLIN) 1374
910 ## - DATOS DE OPCIÓN DEL USUARIO (OCLC)
Datos de opción del usuario Validado. Control de calidad EMS.
Holdings
Estado de retiro Estado de pérdida Restricciones de uso No para préstamo Código de colección Localización permanente Ubicación/localización actual Ubicación en estantería Fecha de adquisición Número de inventario Total de préstamos Signatura topográfica completa Código de barras Fecha visto por última vez Precio válido a partir de Tipo de ítem Koha Nota pública Número de copia
      Excluido de préstamo Raros y valiosos Patrimonio Dominicano Patrimonio Dominicano Depósito 01.08.2011 LF1   341.488 H474d 32891-10 25.06.2020 25.06.2020 No se presta Perteneció a la biblioteca personal de Julio Ortega Frier.  
      Excluido de préstamo Raros y valiosos Patrimonio Dominicano Patrimonio Dominicano Depósito 01.08.2011 LF1   341.488 H474d 32891-20 25.06.2020 25.06.2020 No se presta Perteneció a la biblioteca personal de Martínez Boog. e. 2

Powered by Koha